01152nam a2200265Ia 4500001000600000003000900006008004100015040001300056040001300069041001300082100001100095100002900106245005600135245005700191250001100248260001200259260001600271260004900287300005700336500037000393650003600763650003100799700002700830700002900857A0436IT-RoPAU130308s9999 xx 000 0 und d aIT-RoPAU cIT-RoPAU aITALIANO aAA.VV. gCodice Aut. SPICS: 12000 aXLXIII mostra internazionale d'arte cinematografica bXlviii mostra internazionale d'arte Cinematografica a1a ed. aVENEZIA bLa Biennale c1991 [1° Ed.:1991 - Ed.Ling.Originale:1991] a"360 p. (prefazione: no ; testo: 360 [pagine: 0-0])" aCatalogo Sulla Xlviii mostra d'arte Cinematografica di Venezia. Schede Deisingoli Film Presentati con Note biografiche e Filmografia dei singoli Registi. Mattinate del Cinema Italiano. settimana internazionale della Critica.Film fuori Programma. Prima dei codici 2: Alle Porte di Hays. premi 1990. Leone d'oro Alla carriera di Mario Monicelli. Giuria della Mostra. aMANIFESTAZIONI CINEMATOGRAFICHE eCodice materia Spics: 6815 aGervasoni Marie-George gCodice Aut. SPICS: 34542